| 000 | 00846nam a2200241 a 4500 | ||
|---|---|---|---|
| 001 | BRCA_1124 | ||
| 005 | 20190320203305.0 | ||
| 008 | 951106s1995 mx-a---##b---s000-0#spa-# | ||
| 020 | _a9686019405 | ||
| 040 |
_aDLC _cDLC _dDLC |
||
| 050 | 4 |
_aN6553 _b.S43 1995 |
|
| 100 | 1 |
_aSebastián, Santiago _93704 |
|
| 245 | 1 | 0 |
_aIconografía del arte del siglo XVI en México _bmemoranda _cSantiago Sebastián, Mariano Monterrosa, José Antonio Terán. |
| 260 |
_aZacatecas, México _bGobierno del Estado de Zacatecas _c1995 |
||
| 300 |
_a170, xvi p. _bil. _c21 cm. |
||
| 504 | _aBibliografía: p. 165-170 | ||
| 650 | 1 | 4 |
_aArte colonial _zMéxico _93705 |
| 650 | 1 | 4 |
_aArte mexicano _92321 |
| 650 | 1 | 4 |
_aArte cristiano y simbolismo _zMéxico _942 |
| 700 | 1 |
_aMonterrosa Prado, Mariano _93706 |
|
| 700 | 1 |
_aTerán Bonilla, José Antonio _9966 |
|
| 942 |
_2lcc _cB |
||
| 999 |
_c1002 _d1002 |
||